00328nam a2200133Ia 4500008004100000020001500041041001200056082001600068100001500084245003700099260003600136300000800172650001400180221030s9999 xx 000 0 und d a817884075X aEnglish a105.23bJai aV. K. Jain 0aJAVA Object Oriented Programming bCyber Tech PubaNew Delhic2002 a844 aComputers